Šťastný princ

Hlavní autor: Wilde, Oscar, 1854-1900
Další autoři: Janeček, Ota, 1919-1996
Jazyk: Čeština
Vydáno: Praha : Artia, 1971
Edice: Šňůra perel
Externí odkaz: Digitalizovan dokument
Fyzický popis: 48 s.
Knihy
Uloženo v:
LEADER 00736nam a22002172a 4500
001 000057385
003 CZ BrMZK
005 19950407143423.0
008 950407s1971 xr f cze d
040 |a BOA001  |b cze 
100 1 |a Wilde, Oscar,  |d 1854-1900  |7 jn19981002409 
245 1 0 |a Šťastný princ 
260 |a Praha :  |b Artia,  |c 1971 
300 |a 48 s. 
490 1 |a Šňůra perel 
700 1 |a Janeček, Ota,  |d 1919-1996  |7 jk01050921 
830 0 |a Šňůra perel 
856 4 1 |u http://www.digitalniknihovna.cz/mzk/uuid/uuid:bf44aaa0-3d70-11e8-8142-005056827e51  |y Digitalizovan dokument 
910 |a BOA001  |b PK-N-0014.240 
990 |a BK 
996 7 |b 3119975269  |c PK-N-0014.240  |l MZK  |r Sklad / do 1 hodiny  |n 23  |w 000057385  |u 000010  |a 1  |e BOA001  |j MZK50  |s A